000 00273nam a2200121Ia 4500
005 20251222143119.0
008 251222s9999||||xx |||||||||||||| ||spa||
082 _a245.1/D85
100 _aDoig Klinge, Germán
245 0 _aEl Silencio:
264 _bAprodea
942 _cLIB
999 _c11453
_d11453